[Event "EU-Cup 19th"]
[Site "Rethymno"]
[Date "2003.09.30"]
[Round "3.5"]
[White "Krasenkow, Michal"]
[Black "Conquest, Stuart"]
[Result "1-0"]
[WhiteElo "2585"]
[BlackElo "2560"]
[Annotator "Ftacnik,L"]
[PlyCount "69"]
[EventDate "2003.09.28"]
[EventType "team-swiss"]
[EventRounds "7"]
[EventCountry "GRE"]
[SourceTitle "CBM 098"]
[Source "ChessBase"]
[SourceDate "2004.02.03"]
[SourceVersion "1"]
[SourceVersionDate "2004.02.03"]
[SourceQuality "1"]
[WhiteTeam "Warsaw Polonia"]
[BlackTeam "Clichy Echecs 92"]
[WhiteTeamCountry "POL"]
[BlackTeamCountry "FRA"]

1. d4 d5 2. c4 c6 3. Nc3 Nf6 4. e3 g6 5. Nf3 Bg7 6. Be2 O-O 7. O-O a6 8. Bd2
dxc4 9. Bxc4 Nbd7 (9... b5 10. Bb3 (10. Be2 Nbd7 11. Qc2 Bb7 12. b4 (12. e4 c5
13. e5 Nd5 14. Nxd5 Bxd5 15. dxc5 Qc7 16. Rad1 Nxe5 17. Nxe5 Bxe5 18. g3 Qc6
19. Be3 {1/2-1/2 Lazarev,V-Roos,D/France 2003/ (19)}) 12... Qb8 13. Rac1 e5 14.
Nxe5 Nxe5 15. dxe5 Qxe5 16. Bf3 Rfd8 17. Ne2 Nd5 18. Rfd1 Rac8 19. e4 Nb6 20.
Bg4 {1/2-1/2 Arsovic,Z-Jeremic,V/Herceg Novi 2001/ (79)}) 10... Bb7 11. e4 c5
12. e5 Nfd7 13. Bf4 cxd4 {1/2-1/2 Adamski,J-Kreutzkamp,R/Germany 1998/ (13)})
10. e4 (10. Bb3 c5 11. a4 e6 12. Qe2 b6 13. Rfd1 Bb7 14. Be1 {1/2-1/2 Mojzis,
J-Kuporosov,V/Moscow 1995/ (14)}) (10. a4 c5 11. d5 Ne8 12. e4 Nd6 13. Bd3 Rb8
14. Qe2 f6 15. Rab1 a5 16. Bf4 Ne5 17. Nxe5 fxe5 18. Bg3 Bd7 19. Kh1 Rc8 20. b3
Qe8 21. f3 g5 22. Nd1 h5 {0-1 Krasenkow,M-Zhang Zhong/Shenyang 1999/ (50)})
10... b5 {Black must play quite carefully, since giving up the pawn center is
not without positional dangers.} 11. Bb3 (11. Bd3 c5 12. d5 c4 13. Bc2 Ng4 $13)
11... Nb6 (11... b4 12. Na4 Nxe4 13. Bxb4 Rb8 14. Qe1 Nd6 15. Rc1 $14) 12. e5 (
12. Rc1 b4 13. e5 bxc3 14. exf6 Bxf6 15. Rxc3 $14) 12... Nfd5 13. Ne4 a5 (13...
Bf5 14. Nc5 Nd7 15. Rc1 Nxc5 16. Rxc5 $14) 14. a3 Nc4 (14... a4 15. Ba2 Bf5 16.
Nc5 Nd7 17. Rc1 $14) 15. Bxc4 bxc4 16. Nc5 (16. Qc1 Nb6 17. Bh6 Bg4 18. Bxg7
Kxg7 19. Ned2 $14) 16... Nb6 (16... Qb6 17. Bc3 Bg4 18. Qe2 Rfd8 19. Qxc4 Bxf3
20. gxf3 Qb5 21. Qxb5 cxb5 22. Rfc1 $14) 17. Qe2 Qd5 {Conquest firmly controls
the white squares, but his pawn structure is far from perfect.} (17... Bg4 $5
18. Be3 (18. Bc3 Qd5 $11) 18... Qd5 19. h3 Bxf3 20. Qxf3 Qxf3 21. gxf3 $14) 18.
h3 Nd7 (18... Bf5 19. Rac1 Rfd8 20. Rfe1 $14) 19. Na4 c5 (19... Qb5 20. Nc3
Qxb2 21. Rfb1 Qc2 22. Qxc4 c5 23. Qd5 Ra7 24. dxc5 Nxe5 25. Nxe5 Bxe5 26. Qxe5
Qxd2 27. Nd5 $16) 20. Nc3 Qb7 (20... Qe6 21. d5 Qf5 22. Rfe1 Rb8 23. Rab1 Qd3
24. Bg5 $14) 21. Qxc4 (21. dxc5 Nxc5 22. Qxc4 Nb3 23. Rad1 Nxd2 24. Rxd2 Bxh3
25. Qd5 Bc8 $13) 21... cxd4 22. Qxd4 Qxb2 23. Rfb1 Qc2 24. g4 $6 {Krasenkow
shows an honest ambition of locking up the black queen, but it was much better
to use the rook move for the purpose.} (24. Rb5 $1 Ba6 (24... Re8 25. g4 g5 26.
Rc1 Qg6 27. Bxg5 $18) 25. Rxa5 Rfd8 26. Nd5 $16) 24... Nxe5 25. Nxe5 Bxe5 26.
Qxe5 Qxd2 27. Nd5 f6 (27... h5 28. Nxe7+ Kh7 29. Nd5 Rd8 30. Rb5 hxg4 31. hxg4
Kh6 32. Ne3 $18) 28. Nxe7+ Kg7 (28... Kf7 29. Qc5 Kg7 30. Nd5 $16) 29. Qe4 (29.
Qc7 Kh8 30. Re1 $14) 29... Ba6 (29... Ra7 30. Rd1 (30. Nxc8 Rxc8 31. Rb7+ Rc7
32. Rxa7 Rxa7 33. Re1 Rc7 $11) 30... Qh6 31. Nxc8 Rxc8 32. Qe6 Rb8 33. Rd7+
Rxd7 34. Qxd7+ Kh8 35. Qd6 Qf8 36. Qxf8+ Rxf8 37. Rd1 $14) 30. Rd1 Qe2 (30...
Qb2 $2 31. Rab1 Qxa3 32. Nxg6 $1 hxg6 (32... Qxh3 33. Rd7+ Rf7 34. Ne7 $18) 33.
Rd7+ Kh6 34. Qf4+ g5 35. Qf5 $18) 31. Nf5+ Kh8 (31... gxf5 32. Rd7+ Rf7 (32...
Kg8 33. Qxf5 Bd3 34. Rxd3 $18) 33. Rxf7+ Kxf7 34. Qxa8 fxg4 35. Qd5+ $16) 32.
Ne3 (32. Nd6 Qxe4 33. Nxe4 f5 $13) 32... Rae8 (32... Rab8 33. Rac1 (33. Rab1 $2
Bd3 $1 34. Rxb8 Bxe4 35. Rxf8+ Kg7 36. Rfd8 Qf3 $17) 33... Rb2 34. Qf4 $14) 33.
Qf4 Bb7 (33... Bd3 34. Rac1 g5 35. Qg3 Re5 $11) 34. Rd7 Qb5 $4 {Horrible
blunder, that does nothing against the impending danger along the 7th rank.} (
34... g5 $1 35. Qc7 Be4 $11) 35. Qc7 1-0

[Event "Cancan Veterans-Women"]
[Site "Roquebrune"]
[Date "1998.09.17"]
[Round "10"]
[White "Ioseliani, Nana"]
[Black "Smyslov, Vassily V"]
[Result "1-0"]
[WhiteElo "2495"]
[BlackElo "2500"]
[Annotator "Ftacnik,L"]
[PlyCount "71"]
[EventDate "1998.09.07"]
[EventType "schev"]
[EventRounds "12"]
[EventCountry "FRA"]
[SourceTitle "CBM 067"]
[Source "ChessBase"]
[SourceDate "1998.11.30"]
[SourceVersion "2"]
[SourceVersionDate "1998.11.01"]
[SourceQuality "1"]

1. d4 d5 2. c4 c6 3. Nf3 Nf6 4. e3 g6 5. Nc3 Bg7 6. Bd3 O-O 7. O-O Bg4 8. h3
Bxf3 9. Qxf3 e6 10. Rd1 Nbd7 11. Qe2 Re8 12. Qc2 (12. e4 dxe4 13. Nxe4 Nxe4 14.
Bxe4 Qh4 15. Qg4 Qe7 16. Qe2 f5 17. Bc2 c5 18. dxc5 Nxc5 19. Rb1 e5 {1/2-1/2
Ree,H-Bohm,H/Leeuwarden 1975/MCD (29)}) (12. Bd2 Qe7 (12... e5 13. dxe5 Nxe5
14. cxd5 Nxd3 15. Qxd3 Nxd5 16. Nxd5 Qxd5 {1/2-1/2 Stean,M-Matulovic,M/
Smederevska Palanka 1982/MCL (16)}) 13. Be1 a6 14. b3 e5 15. dxe5 Nxe5 16. cxd5
cxd5 17. Rac1 Rad8 18. Na4 d4 19. exd4 Rxd4 20. Bb1 Rxd1 21. Rxd1 Qc7 {0-1
Polgar,Z-Piket,J/NLD-chT 1993/EXT 97 (40)}) (12. b3 e5 13. dxe5 Nxe5 14. Bb2 d4
15. Bc2 c5 16. Ne4 Nxe4 17. Bxe4 Qc7 18. exd4 Nc6 {1/2-1/2 Ftacnik,
L-Lechtynsky,J/Trnava 1983/MCD (18)}) (12. Rb1 a6 13. Bd2 dxc4 14. Bxc4 c5 15.
d5 exd5 16. Nxd5 b5 17. Bc3 Ra7 18. Nxf6+ Bxf6 19. Bd5 Qe7 20. a4 Rb8 21. axb5
axb5 22. Bc6 Bxc3 23. bxc3 b4 {0-1 Dejkalo,S-Laketic,G/Prague 1989/EXT 97 (53)}
) 12... a6 (12... Rc8 13. Qb3 Qb6 14. Qa4 Qc7 15. cxd5 exd5 16. Bd2 Ne4 17.
Nxe4 dxe4 18. Bf1 Nb6 19. Qa5 Qb8 20. Rac1 Red8 21. b4 Rd5 {1/2-1/2 Flohr,
S-Pithart,F/Marianske Lazne 1956/EXT 99 (88)}) (12... Nb6 13. b3 Nc8 14. Bb2
Nd6 15. Rd2 Rc8 16. e4 dxe4 17. Nxe4 Nfxe4 18. Bxe4 Qg5 19. Rad1 Nxe4 20. Qxe4
{1-0 Van Heste,J-Kirov,N/Groningen 1988/EXT 97 (52)}) (12... Qe7 13. Bd2 Rad8
14. Be1 Nb6 15. c5 Nbd7 16. f4 Nh5 17. Be2 f5 18. b4 Ra8 19. b5 Nxc5 20. Bxh5
gxh5 21. dxc5 {1-0 Aseev,K-Roeder,F/Krumbach 1991/Tourn D (40)}) 13. e4 {
Black structure is rock solid, and his Bc8 is already gone. On the other hand
any opening of the position favours white bishops.} (13. Bd2 Rc8 14. Be1 Qe7
15. Rac1 dxc4 16. Bxc4 c5 17. d5 Nb6 18. d6 Qd7 19. Be2 Rc6 20. Bf3 Nbd5 21.
Na4 Rec8 22. e4 {1-0 Dejkalo,S-Tomaszewski,R/POL-ch 1986/MCL (50)}) 13... dxe4
14. Nxe4 Nxe4 15. Bxe4 Qh4 (15... Qe7 16. Be3 Rad8 17. Rd2 $14) 16. Be3 f5 17.
Bf3 e5 18. d5 (18. dxe5 Nxe5 19. Be2 Rad8 20. Qb3 $14) 18... c5 (18... e4 19.
g3 Qf6 20. Bd4 Ne5 21. Bg2 cxd5 22. cxd5 $14) 19. Kh2 e4 20. g3 Be5 (20... Qf6
21. Bg2 Qxb2 22. Qxb2 Bxb2 23. Rab1 Bd4 24. Bxd4 cxd4 25. Rxb7 Nc5 26. Rc7 Nd3
27. d6 $16) 21. Bg2 Qf6 22. Qd2 {This move aims to prevent the march of the f
pawn, Ioseliani is content with a draw.} (22. Rab1 f4 $1 23. gxf4 Bxf4+ $132)
22... Bxb2 23. Bg5 (23. Rab1 Bc3 $15) 23... Qe5 24. Bf4 (24. Rab1 Bc3 25. Qc1
b5 $11) 24... Bc3 25. Qc1 Qh8 {Smyslov hopes to get more than a repetition
with bishop annoying the black queen.} (25... Qf6 26. Bg5) 26. Rb1 b6 (26... b5
27. cxb5 axb5 28. Rxb5 Rxa2 29. Rb7 Ra1 30. Qc2 Rxd1 31. Qxd1 Rd8 32. Qb3 $13)
27. f3 Ba5 $2 (27... exf3 28. Bxf3 Be5 29. d6 $36) 28. fxe4 fxe4 29. Rb3 Ne5 (
29... Re7 30. Re3 Rae8 31. Bd6 Rf7 32. Bxe4 $14) 30. d6 $1 {[%mdl 128]
Something went wrong with the coordination of black pieces. The Ba5 and Qh8
occupy very unusual squares and white is ready in the center.} Rad8 (30... Nd3
$2 31. Rbxd3 exd3 32. Bd5+ Kg7 33. Bh6+ Kf6 34. Qg5#) 31. Bxe4 Ng4+ (31... Qf6
32. Bd5+ Kh8 33. Re3 Nd7 (33... Rxd6 34. Rf1 Qg7 35. Bxe5 Rxe5 36. Rxe5 Qxe5
37. Rf8+ Kg7 38. Rg8+ Kf6 39. Qf1+ Qf5 40. Rf8+ $18) (33... g5 34. Bxe5 Rxe5
35. Rf1 Qxd6 36. Qb2 Rde8 37. Rf5 $18) 34. Bc6 $16) 32. hxg4 Rxe4 33. Re3 Rd4 {
Since activating white queen would be decisive.} (33... Rxe3 34. Qxe3 Qb2+ 35.
Kh3 $18) 34. Be5 $1 R8xd6 (34... Rxd1 35. Qxd1 $18) 35. Bxd4 (35. Bxd6 $18)
35... cxd4 (35... Rxd4 36. Re8+ $18) 36. Re8+ 1-0

[Event "RUS-chT 06th"]
[Site "St Petersburg"]
[Date "1999.05.17"]
[Round "2"]
[White "Ivanov, Sergey"]
[Black "Hasangatin, Ramil"]
[Result "1-0"]
[WhiteElo "2528"]
[BlackElo "2458"]
[Annotator "Ftacnik,L"]
[PlyCount "87"]
[EventDate "1999.05.16"]
[EventType "team-tourn"]
[EventRounds "9"]
[EventCountry "RUS"]
[SourceTitle "EXT 2020"]
[Source "ChessBase"]
[SourceDate "2019.10.17"]
[SourceVersion "1"]
[SourceVersionDate "2019.10.17"]
[SourceQuality "1"]
[WhiteTeam "Sankt Petersburg Lentransgaz"]
[BlackTeam "Kazan Sberbank-Tatarstan"]
[WhiteTeamCountry "RUS"]
[BlackTeamCountry "RUS"]

1. d4 d5 2. c4 c6 3. Nc3 Nf6 4. e3 g6 5. Nf3 Bg7 6. Bd3 O-O 7. O-O Bg4 8. h3
Bxf3 9. Qxf3 Re8 10. Rd1 e6 11. Bd2 Nbd7 12. Rac1 (12. Be1 Qe7 (12... Nb6 13.
b3 Qe7 14. Qe2 e5 15. dxe5 Qxe5 16. cxd5 Nbxd5 17. Rac1 Qe7 18. Nxd5 Nxd5 19.
Bc4 Nb6 20. Ba5 {1/2-1/2 Panchenko,A-Petursson,M/Linares/1995/ (20)}) 13. Qe2 (
13. Bf1 dxc4 14. Bxc4 Rad8 15. Bb3 Nb6 16. a4 e5 17. a5 exd4 18. axb6 dxc3 19.
Rxd8 Qxd8 20. bxa7 cxb2 21. a8=Q Qxa8 22. Rxa8 Rxa8 23. Qd1 Nd5 24. Bc2 {
1-0 Damljanovic,B-Velikov,P/Belgrade/1988/ (41)}) 13... a6 (13... Rad8 14. Rac1
a6 (14... dxc4 15. Bxc4 Nb6 16. Bb3 e5 17. dxe5 Qxe5 18. Rxd8 Rxd8 19. Rd1 Rxd1
20. Qxd1 Qe7 {1/2-1/2 Matlak,M-Oliwa,M/Augustow/1996/ (55)}) 15. Qc2 dxc4 16.
Bxc4 e5 17. dxe5 Nxe5 18. Be2 $14 Rxd1 19. Rxd1 Rd8 20. Rxd8+ Qxd8 21. Qd1 {
1-0 Shipov,S-Gretarsson,H/Groningen/1993/ (69)}) 14. a3 c5 15. dxc5 dxc4 16.
Bxc4 Qxc5 17. Rac1 {1/2-1/2 Chernin,A-Smyslov,V/Copenhagen/1986/ (17)}) 12...
dxc4 {Opening up the position is good only in connection with the counterplay
in the center.} (12... Qe7 13. cxd5 exd5 14. Qg3 Rac8 15. Be1 Nf8 16. b4 Ne6
17. Na4 b6 18. Qf3 Qd7 19. Nc3 b5 20. Nb1 Qd6 21. Rc2 {1-0 Veresov,G-Ragozin,V/
Moscow/1944/ (57)}) 13. Bxc4 e5 14. Bb3 exd4 (14... Qe7 15. d5 e4 16. Qg3 (16.
Qe2 Nc5 17. dxc6 Nxb3 18. axb3 bxc6 19. Na4 $11) 16... cxd5 17. Nxd5 Nxd5 18.
Bxd5 Bxb2 19. Rb1 Nf6 (19... Nb6 20. Bxf7+ Qxf7 21. Rxb2 $11) 20. Bxf7+ Qxf7
21. Rxb2 $14) 15. exd4 Nb6 16. Bg5 Qd6 (16... h6 17. Bf4 Nfd5 18. Bg3 $14) 17.
Bf4 Qd7 18. Be5 Nbd5 $2 (18... Nfd5 $1 19. Nxd5 Nxd5 20. Bxg7 (20. Bxd5 Qxd5
21. Qxd5 cxd5 22. Bxg7 Kxg7 $11) 20... Kxg7 21. Rc5 Rad8 22. Bxd5 cxd5 23. Rdc1
$14) 19. Bxf6 $1 Nxf6 20. d5 $1 {Suddenly black is hard pressed to limit the
damage after the impending opening of the position.} Qf5 (20... Rac8 21. Ba4
Qc7 22. dxc6 bxc6 23. b4 $16) 21. Qxf5 gxf5 22. dxc6 bxc6 23. Na4 Rac8 24. Rc5
(24. Rd6 Kf8 25. Rdxc6 Rxc6 26. Rxc6 Re1+ 27. Kh2 Ne4 28. Rc8+ Ke7 29. Rc7+ Kd6
30. Rxf7 Be5+ 31. g3 Re2 32. Rxf5 Nxf2 33. Kg2 $16) 24... f4 25. Kf1 f3 $6 (
25... Ne4 26. Rc4 Rc7 27. Bc2 f5 28. b4 $16) 26. gxf3 Re7 27. Rd6 Rec7 28. Rf5
$1 {[%mdl 4096] White controls the whole board and the bishop b3 exercises
strong pressure along a2-g8 diagonal.} Nd5 (28... Ne8 29. Rxf7 $1 Rxf7 30. Rd7
Nd6 31. Rxd6 $18) 29. Bxd5 cxd5 30. Rfxd5 Kf8 31. Ra6 Rc1+ 32. Kg2 R8c7 33. b4
(33. Rda5 Bd4) 33... R1c2 34. Nc5 Ke8 (34... Ke7 35. a4 Bc3 36. b5 $16) 35. Ne4
R2c6 36. Nd6+ Ke7 (36... Kf8 37. Rxc6 Rxc6 38. Nf5 Bf6 39. b5 $18) 37. Nf5+ Ke6
(37... Kf6 38. Rd6+ Rxd6 39. Nxd6 $18) 38. Rd6+ Rxd6 39. Nxd6 Kd7 (39... Rd7
40. Ne8+ $18) 40. Nxf7 Bf8 41. a3 Kc8 42. Nd6+ Kb8 43. Nf5 Rf7 44. Ra5 1-0

[Event "Frankfurt"]
[Site "Frankfurt"]
[Date "1990.??.??"]
[Round "?"]
[White "Kohlweyer, Bernd"]
[Black "Epishin, Vladimir"]
[Result "0-1"]
[WhiteElo "2395"]
[BlackElo "2550"]
[Annotator "Ftacnik,L"]
[PlyCount "70"]
[EventDate "1990.??.??"]
[EventType "tourn"]
[EventRounds "13"]
[EventCountry "GER"]
[EventCategory "7"]
[SourceTitle "CBM 020"]
[Source "ChessBase"]
[SourceDate "1991.02.01"]
[SourceVersion "1"]
[SourceVersionDate "1991.02.01"]
[SourceQuality "1"]

1. d4 Nf6 2. c4 g6 3. Nc3 d5 4. Nf3 Bg7 5. e3 O-O 6. b4 c6 7. Qb3 (7. Bb2 Bf5
8. Qb3 dxc4 9. Bxc4 b5 10. Be2 a5 11. a3 Na6 12. bxa5 Qxa5 13. O-O $14 {
Littlewood,P-Ftacnik,L/Hastings/1981}) 7... dxc4 8. Bxc4 b5 9. Be2 Be6 10. Qb2
a5 11. O-O $6 (11. a3 axb4 12. axb4 Rxa1 13. Qxa1 Qd6 14. O-O) 11... axb4 12.
Qxb4 Na6 13. Qb1 b4 14. Bxa6 (14. Na4 Qa5) 14... bxc3 15. Qd3 c5 $1 16. a4 (16.
Bb5 Rc8 $22 17. Qxc3 cxd4 18. Qxd4 Nd5) 16... Bd5 17. dxc5 Qc7 18. Bb5 (18. Ba3
Rfd8 19. Nd4 Ng4) 18... Rfd8 19. Qe2 Ne4 (19... Ng4 20. g3 Qxc5 21. Ba3 Qc7 22.
Rac1) 20. Ba3 Nxc5 21. Bxc5 Qxc5 22. Nd4 (22. Rac1 Bb3) 22... e5 23. Nf3 Bb3
24. Rac1 e4 25. Nd4 Bxd4 26. exd4 Qxd4 27. h4 h5 28. Rfe1 Bxa4 29. Bxa4 Rxa4
30. g3 Qf6 $1 31. Rc2 Rd3 32. Rec1 Qd4 33. Kf1 e3 34. fxe3 Rxe3 35. Qf2 Qd3+ {
Ftacnik,L} 0-1

[Event "Munich SKA"]
[Site "Munich"]
[Date "1994.05.21"]
[Round "1"]
[White "Jussupow, Artur"]
[Black "Hertneck, Gerald"]
[Result "0-1"]
[WhiteElo "2655"]
[BlackElo "2615"]
[Annotator "Ftacnik,L"]
[PlyCount "126"]
[EventDate "1994.05.21"]
[EventType "tourn"]
[EventRounds "11"]
[EventCountry "GER"]
[EventCategory "16"]
[SourceTitle "CBM 042"]
[Source "ChessBase"]
[SourceDate "1994.10.01"]
[SourceVersion "1"]
[SourceVersionDate "1994.10.01"]
[SourceQuality "1"]

1. d4 Nf6 2. c4 c5 3. e3 g6 4. Nc3 Bg7 5. Nf3 O-O 6. Be2 d5 7. O-O dxc4 8. Bxc4
Nbd7 9. Qe2 (9. Bb3) 9... a6 10. a4 cxd4 11. Nxd4 $6 (11. exd4 Nb6 12. Ba2 Nbd5
13. Rd1 Be6 $13) 11... e5 $1 12. Nf3 e4 13. Ng5 $6 (13. Nd4 Ne5 14. Bb3 b6 $1
$15) 13... Qe7 14. b3 $2 (14. Qc2 Nc5 15. b4 Nd3 16. Ba3 $1 (16. Bxd3 exd3 17.
Qxd3 Bf5 $36) 16... b5 $1 (16... Nxb4 $6 17. Nxf7 $1 Nxc2 18. Bxe7 Nxa1 19.
Nd6+ Kh8 20. Rxa1 $14) 17. axb5 axb5 $36) 14... Qe5 15. Nxf7 Rxf7 (15... Qxc3
$2 16. Bd2 $1 (16. Bb2 $2 Qa5 17. Nh6+ Kh8 18. Nf7+ Rxf7 19. Bxf7 Ne5 $17)
16... Qb2 17. Rfb1 Qc2 18. Rc1 $10) 16. Bb2 Qe8 17. Rad1 (17. Nd5 Nxd5 18. Bxd5
Nf6 19. Bxf7+ Qxf7 20. b4 Bg4 $17) 17... Nf8 $1 18. Bxf7+ Qxf7 19. b4 (19. Rd8
Bg4 20. Qd2 Rxd8 21. Qxd8 Qxb3 22. Ba1 Bd7 $17) 19... Be6 20. Qd2 (20. Rd4 $5
Rc8 (20... Nd5 21. Nxe4 Bxd4 22. Bxd4 $132) 21. Rfd1 Bc4 $17) 20... Bb3 21. Rc1
Ne6 22. f3 Bc4 23. Rf2 Rd8 24. Qe1 exf3 25. Rxf3 Qe7 26. Qh4 Qxb4 27. Ba1 (27.
Ne2 Qxb2 28. Qxc4 Nd5 29. e4 b5 $1 $19) 27... g5 $2 (27... Ne8 $1 28. Nd5 (28.
Na2 Qxa4 29. Bxg7 Rd1+ $19) 28... Rxd5 29. Bxg7 N8xg7 30. Qxc4 Rd1+ 31. Rf1
Qxc4 32. Rxc4 Rxf1+ 33. Kxf1 Kf7 $17) 28. Na2 $1 gxh4 (28... Qxa4 29. Qxc4 Rd1+
30. Rf1 $16) 29. Nxb4 Ne4 (29... Ng4 $2 30. h3 $1 Bxa1 31. hxg4 a5 32. Rxc4
axb4 33. Rxb4 Rd7 $15) 30. Bxg7 Kxg7 31. Rh3 (31. Rxc4 $4 Rd1+ 32. Rf1 Rxf1+
33. Kxf1 Nd2+ $19) 31... N6c5 $6 (31... Nc3 $10 32. Rxc3 $140 $2 Rd1+ 33. Kf2
Rf1#) 32. Rxh4 Bf7 33. Nc2 Nb3 (33... Bg6 34. Nd4 Rd6 35. a5 b5 36. axb6 Rxb6)
34. Rb1 Bg6 (34... Nc3 35. Rf1 Bg6 36. Rc4) 35. Nd4 Nxd4 36. Rxb7+ Kf6 37. exd4
Rxd4 38. Rf4+ Ke5 39. Rf1 Rxa4 40. h4 $2 (40. Rc1 $132) 40... Nc5 41. Rb8 (41.
Rc7 Kd6 42. Rc8 Rxh4 43. Rd1+ Bd3 44. Rd8+ Kc6 45. R1xd3 Nxd3 46. Rxd3 a5 $19)
41... Rxh4 42. Rc1 Nd7 43. Rd8 Rd4 44. Kh2 Rd5 45. Re1+ Kd4 46. Ra8 (46. Rd1+
Bd3 $19) 46... Nc5 47. g4 Bd3 48. Kh3 Rd6 49. g5 Rd7 50. Kh4 Kc4 51. Rc8 Kb4
52. Re5 Nb3 53. Re6 a5 54. Rb6+ Ka3 55. Rf8 a4 56. Rf2 Bg6 57. Kg3 Rd2 58. Rf8
(58. Rxb3+ axb3 59. Rxd2 b2 60. Rxb2 Kxb2 $19) 58... Kb2 59. Ra8 a3 60. Rba6
Rd3+ 61. Kf4 Nc1 62. Ke5 a2 63. Kf6 Rd5 (63... Rd5 64. R8a7 Rf5+ 65. Kg7 Rxg5
$19) 0-1

[Event "Baden-Baden"]
[Site "Baden-Baden"]
[Date "1992.12.07"]
[Round "3"]
[White "Lobron, Eric"]
[Black "Jussupow, Artur"]
[Result "1/2-1/2"]
[WhiteElo "2625"]
[BlackElo "2640"]
[Annotator "Ftacnik,L"]
[PlyCount "88"]
[EventDate "1992.12.??"]
[EventType "tourn"]
[EventRounds "11"]
[EventCountry "GER"]
[EventCategory "14"]
[SourceTitle "CBM 033"]
[Source "ChessBase"]
[SourceDate "1993.04.01"]
[SourceVersion "1"]
[SourceVersionDate "1993.04.01"]
[SourceQuality "1"]

1. d4 d5 2. c4 c6 3. Nc3 Nf6 4. e3 g6 5. Nf3 Bg7 6. Bd3 O-O 7. h3 Nbd7 8. cxd5
(8. O-O e6 (8... Qc7 9. cxd5 Nxd5 10. Nxd5 cxd5 11. Qb3 e6 12. Bd2 Nb8 13. e4
Nc6 14. exd5 exd5 15. Bb5 Nxd4 16. Nxd4 Bxd4 17. Bb4 Bc5 18. Rfc1 b6 19. Bxc5
bxc5 20. Qxd5 Rb8 21. Rxc5 Qb6 22. b3 Be6 23. Qg5 Rbd8 24. Re1 $16 {Lputian,
S-Kristensen,B/Saint John op-2/1988/}) (8... Re8 9. cxd5 Nxd5 10. e4 Nxc3 11.
bxc3 e5 12. Rb1 b5 13. Bg5 Qa5 14. Qc2 h6 15. Be3 Qc7 16. a4 a6 17. Qd2 Kh7 18.
Qa2 Nb6 19. a5 Na4 20. Rfc1 Be6 21. Qa3 Red8 22. Bc2 Qxa5 23. Bxa4 Qxa4 24. Qe7
$15 {Basin,L-Blasi,F/Roma op (4)/1990/}) 9. b3 (9. e4 dxe4 10. Bxe4 Nxe4 11.
Nxe4 e5 12. Bg5 Qc7 13. Be7 exd4 14. Bxf8 Nxf8 15. c5 b6 16. Re1 Ne6 17. Rc1
Ba6 18. Qa4 Bb5 19. Qb3 Rb8 20. cxb6 Rxb6 21. Neg5 c5 22. Nxe6 fxe6 23. Rxe6 c4
24. Rxb6 $18 {Finegold,B-Palsson,B/Reykjavik op/1990/}) 9... b6 10. cxd5 Nxd5
11. Nxd5 cxd5 12. Ba3 Re8 13. Rc1 Bb7 14. Qe2 Bf8 15. Bxf8 Rxf8 16. Ba6 Rb8 17.
Rc2 f6 18. Rfc1 e5 19. Bxb7 Rxb7 20. Qa6 Qb8 21. Qb5 Kg7 22. Qxd5 Re8 23. dxe5
Nxe5 24. Nxe5 $16 {Arnason,T-Apol,L/Reykjavik op/1988/1-0 (63)}) 8... Nxd5 9.
Nxd5 cxd5 10. Qb3 e5 $1 11. Qxd5 exd4 12. Nxd4 Ne5 13. Be4 (13. Qxd8 Nxd3+ 14.
Kd2 Rxd8 15. Kxd3 Bf5+ 16. Ke2 Bxd4 17. exd4 Rxd4 $15) (13. Qe4 f5 $19) 13...
Nd3+ 14. Ke2 Nxc1+ 15. Raxc1 Qb6 16. Qc5 (16. Rc2 Rd8 17. Qb3 Bxd4 18. exd4
Qxb3 19. axb3 Rxd4 $10) 16... Qxb2+ 17. Rc2 Qb6 18. Qxb6 axb6 19. Nb5 (19. Rb1
$2 Re8 20. Kd3 Bxd4 21. exd4 Rxe4 22. Kxe4 Bf5+ $19) 19... Bd7 20. Nc7 Ra5 21.
Rb1 (21. Bxb7 Ba4 22. Rcc1 Be5) 21... b5 22. Rd1 (22. Bxb7 $5 $14) 22... Bc8 (
22... Bc6 23. Bxc6 bxc6 24. Rdd2) 23. g4 b4 24. Nd5 Be6 (24... Bc3 25. Nxc3
bxc3 26. Rd3 $14) 25. Nxb4 Ra4 26. Rb1 b5 27. Bd3 Rb8 28. Nc6 Rba8 29. Rxb5 (
29. Bxb5 Rxa2 30. Rxa2 Rxa2+ 31. Kf1 $14) 29... Rxa2 30. Rxa2 Rxa2+ 31. Kf3 Rb2
32. Ra5 (32. Rc5 Bf8) 32... Ra2 33. Rxa2 Bxa2 34. Ke4 Be6 35. Nd4 Bc8 36. Bc4
h5 $1 37. gxh5 (37. f3 hxg4 38. hxg4 Kf8 $10) 37... gxh5 38. Nf5 Bf8 39. f4
Bxf5+ $1 40. Kxf5 Be7 41. e4 Kg7 42. e5 Bd8 43. Be2 h4 44. Bc4 Ba5 1/2-1/2

[Event "Srajber Memorial 08th"]
[Site "Subotica"]
[Date "2003.11.30"]
[Round "3"]
[White "Markus, Robert"]
[Black "Drazic, Sinisa"]
[Result "1-0"]
[WhiteElo "2522"]
[BlackElo "2467"]
[Annotator "Ftacnik,L"]
[PlyCount "69"]
[EventDate "2003.11.06"]
[EventType "tourn"]
[EventRounds "11"]
[EventCountry "YUG"]
[EventCategory "10"]
[SourceTitle "CBM 099"]
[Source "ChessBase"]
[SourceDate "2004.03.30"]
[SourceVersion "1"]
[SourceVersionDate "2004.03.30"]
[SourceQuality "1"]

1. d4 d5 2. c4 c6 3. e3 Nf6 4. Nc3 g6 5. Nf3 Bg7 6. Bd3 O-O 7. O-O dxc4 8. Bxc4
Bg4 9. h3 Bxf3 10. Qxf3 Nbd7 11. Bb3 e5 12. Rd1 Qe7 13. e4 exd4 14. Rxd4 Nc5 {
In this line black has to play actively, otherwise white's bishop pair and
majority on the kingside can become very unpleasant.} 15. Bc2 Nfd7 16. Rd1 Ne6
(16... Ne5 17. Qg3 Rfd8 18. Bg5 Bf6 19. Bxf6 Qxf6 20. f4 Nc4 21. e5 Qg7 22. b4
Ne6 23. Bb3 Nb2 24. Rxd8+ Rxd8 25. Rb1 {1-0 Ufen,S-Felser,F/Ratzeburg 1997/ 
(29)}) 17. Be3 Ne5 18. Qe2 b5 $1 {The square c4 is vulnerable and black knight
wants to use it at a first moment.} 19. Bb3 (19. Rac1 Nc4 20. Bb3 Nxe3 21. Qxe3
Nc5 $11) 19... Nc5 20. f4 Nxb3 21. axb3 Nd7 22. e5 (22. Rxa7 Rxa7 23. Bxa7 Nc5
$11) 22... f6 23. Qg4 (23. Qd3 Rfd8 24. Qd6 Qxd6 25. exd6 a5 $11) 23... Rfd8
24. Ne4 (24. Ra6 fxe5 25. Rxc6 Nf6 26. Rxd8+ Rxd8 $15) 24... fxe5 25. f5 $1 {
Markus is using the strategical motif of pawn sacrifice with subsequent f5
known from the Benoni opening. Black will have to worry about his light
squares.} gxf5 (25... Nf6 26. Nxf6+ Qxf6 27. Rxd8+ Qxd8 (27... Rxd8 28. Bg5 $18
) 28. fxg6 Qd3 29. gxh7+ Kxh7 30. Bc5 a5 $13) (25... Nf8 26. Rxd8 Qxd8 27. Rd1
Qe7 28. fxg6 hxg6 29. Rd6 $11) 26. Qxf5 Nf8 (26... Nb6 27. Rxd8+ Rxd8 28. Bc5
Qd7 29. Nf6+ Bxf6 30. Qxf6 Re8 31. Qg5+ $11) 27. Rxd8 Qxd8 (27... Rxd8 28. Rxa7
Rd7 29. Ra6 Rc7 $11) 28. Qg4 Kh8 (28... a5 29. Kh2 Kh8 30. b4 a4 31. Rd1 Qe8
$15) 29. Rf1 Qd5 (29... Qd3 30. Rf3 Ng6 31. Bxa7 Qb1+ 32. Rf1 Qxb2 33. Ng5 h6
34. Ne6 Kh7 35. Bb6 $11) 30. Ng5 Ng6 $2 {[%mdl 8192] Horrible blunder, there
was no need to "improve" the knight, but Drazic wanted to defend against Nf7+.}
(30... Kg8 31. b4 Qd3 $15) 31. Qh5 h6 (31... Nf8 32. Rxf8+ Rxf8 33. Qxh7#) 32.
Nf7+ Kh7 33. Nxh6 Qe6 (33... Nf4 34. Bxf4 Qc5+ 35. Kh2 Rf8 36. Nf7+ Kg8 37. Bh6
$18) 34. Nf7+ Kg8 35. Ng5 1-0